000 00628nam a2200229Ia 4500
003 OSt
005 20221002051501.0
006 a|||||r|||| 00| 0
007 ta
008 220930b |||||||| |||| 00| 0 eng d
024 _a28708
037 _cReference Collections
040 _aCRL
_cCRL
_beng
041 _2eng
_aeng
082 _aG:55, M8(RR)
245 0 _aGiant book of what do you know? The fact - packed information book in colour
260 _aLondon
_bGralley
_c1988
300 _a528p
_ccm.
650 _aBIOLOGY
942 _hG:55, M8(RR)
_cref
_2CC
999 _c916971
_d916971